| 000 | 00347nam a2200121Ia 4500 | ||
|---|---|---|---|
| 008 | 230907s9999||||xx |||||||||||||| ||und|| | ||
| 082 |
_a660.2842 _bWAN |
||
| 100 |
_aWankat, Phillip C., _954669 |
||
| 245 | 0 | _aSeparation process engineering : | |
| 260 |
_aPrentice Hall, _bUpper Saddle River, NJ : _c2012 |
||
| 300 | _axxxiii, 955 p. : | ||
| 942 | _cBK | ||
| 999 |
_c598843 _d598843 |
||